Štart televízneho maratónu Dnes sa začína Medzinárodný televízny festival Zlatá Praha

Podrobná bibliografia
Hlavný autor: Mlčoušek, Vladimír, 1949- (Autor)
Médium: Článok
Jazyk:slovenčina
Predmet:

MARC

LEADER 00000nab a2200000 a 4500
001 vtls000088319
003 SK-MaSNL
005 20260303031927.0
008 160202c1981 xo 0 slo
015 |a SNBRB19rr/mm-uuuuu 
035 |a CL0098422 
040 |a SNKBUCL  |b slo  |c SNKBUCL  |e AACR2 
041 0 |a slo 
044 |a xo  |c SK 
080 |a 7.097  |2 1981 
100 1 |a Mlčoušek, Vladimír,  |d 1949-  |4 aut  |9 103415 
245 1 0 |a Štart televízneho maratónu  |b Dnes sa začína Medzinárodný televízny festival Zlatá Praha  |c Vladimír Mlčoušek 
650 0 7 |a televízia  |2 snkbucl  |9 16407 
650 0 7 |a Zlatá Praha  |2 snkbucl  |9 1003877 
651 7 |a 3100  |2 snkbucl  |9 920766 
655 7 |a články z novín a časopisov  |2 snkbucl  |9 267496 
773 0 |t Pravda  |g Roč. 62, č. 141 (17. 6. 1981), s. 2 
850 |a Slovenská národná knižnica v Martine  |a MTA001 
852 |a SNK  |b KIS3GCP 
958 |a RK 
958 |a CZ 
992 |a RBX 
999 |c 1661139  |d 1663069